00939nam a22002777a 4500999001700000003000900017005001700026008004100043020001500084040004300099082002100142100005100163245003500214264003700249264001000286300002200296336002600318337002800344338002700372650004700399651001000446653002300456655002400479942001200503952014600515 c16886d16886EG-ScBUE20210318115533.0120712t1971 nyu f 000 d eng d a0802150292 aEG-ScBUEbengerdacEG-ScBUEdEG-ScBUE04a822.914bPIN2221 924545aPinter, Harold,‏d1930-2008,eauthor.10aOld times /cby Harold Pinter. 1aNew York :bGrove Press,c[1971] 4cc1971 a75 pages ;c20 cm 2rdacontentatextbtxt 2rdamediaaunmediatedbn 2rdacarrieravolumebnc 7924971aEnglish dramay20th century.2BUEsh 2BUEsh cJuly2012bHHUUEENN vReading book934232 2ddccBB 00102ddc40708BaccahaMAINbMAINc2NDd2012-07-12epurchaseg107.00h15359l0o822.914 PINp000026988r2025-07-15 00:00:00w2012-07-12yBB